Every Song by You Me at Six - Statistics

General Stats
  • This quiz has been taken 81 times
  • The average score is 58 of 101
Answer Stats
Album Song % Correct
Night People(2017) Night People
93%
Take Off Your Colours(2008) Take Off Your Colours
93%
Take Off Your Colours(2008) Always Attract
86%
Sinners Never Sleep(2011) Bite My Tongue
86%
Cavalier Youth(2014) Lived a Lie
86%
Take Off Your Colours(2008) Save It for the Bedroom
86%
Suckapunch(2021) SUCKAPUNCH
86%
Cavalier Youth(2014) Cold Night
79%
Hold Me Down(2010) Fireworks
79%
Hold Me Down(2010) Liquid Confidence
79%
Hold Me Down(2010) Underdog
79%
VI(2018) 3AM
71%
Cavalier Youth(2014) Carpe Diem
71%
Sinners Never Sleep(2011) Crash
71%
Suckapunch(2021) Glasgow
71%
Take Off Your Colours(2008) Jealous Minds Think Alike
71%
Take Off Your Colours(Bonus)(2008) Kiss and Tell
71%
Sinners Never Sleep(2011) Loverboy
71%
Cavalier Youth(2014) Room to Breathe
71%
Hold Me Down(2010) Safer to Hate Her
71%
Hold Me Down(2010) Stay with Me
71%
VI(2018) Straight to My Head
71%
Take Off Your Colours(Bonus)(2008) Sweet Feet
71%
Take Off Your Colours(2008) You've Made Your Bed (So Sleep in It)
71%
Suckapunch(2021) Beautiful Way
64%
Take Off Your Colours(Bonus)(2008) Blue Eyes Don't Lie
64%
Cavalier Youth(2014) Fresh Start Fever
64%
Night People(2017) Give
64%
Cavalier Youth(2014) Hope for the Best
64%
VI(2018) I O U
64%
Sinners Never Sleep(2011) Jaws on the Floor
64%
Truth Decay(2023) Mixed Emotions (I Didn't Know How to Tell You What I Was Going Through)
64%
Sinners Never Sleep(2011) Reckless
64%
Night People(2017) Take on the World
64%
Hold Me Down(2010) The Consequence
64%
Take Off Your Colours(2008) The Rumour
64%
Take Off Your Colours(2008) Tigers and Sharks
64%
Sinners Never Sleep(2011) Time is Money
64%
Suckapunch(2021) Voicenotes
64%
Cavalier Youth(2014) Wild Ones
64%
Take Off Your Colours(Bonus)(2008) All Your Fault
57%
Truth Decay(2023) Deep Cuts
57%
Take Off Your Colours(Bonus)(2008) Finders Keepers
57%
Take Off Your Colours(2008) Gossip
57%
Take Off Your Colours(2008) If You Run
57%
Sinners Never Sleep(2011) Little Bit of Truth
57%
Cavalier Youth(2014) Love Me Like You Used To
57%
VI(2018) Miracle in the Mourning
57%
Sinners Never Sleep(2011) No One Does It Better
57%
Sinners Never Sleep(2011) The Dilemma
57%
Hold Me Down(2010) There's No Such Thing as Accidental Infidelity
57%
Cavalier Youth(2014) Too Young to Feel This Old
57%
Sinners Never Sleep(2011) When We Were Younger
57%
Cavalier Youth(2014) Win Some, Lose Some
57%
VI(2018) Back Again
50%
Cavalier Youth(2014) Be Who You Are
50%
Truth Decay(2023) Breakdown
50%
Take Off Your Colours(2008) Call That a Comeback
50%
Hold Me Down(2010) Contagious Chemistry
50%
VI(2018) Fast Forward
50%
Cavalier Youth(2014) Forgive and Forget
50%
Truth Decay(2023) God Bless the 90s Kids
50%
Hold Me Down(2010) Hard to Swallow
50%
Truth Decay(2023) Heartless
50%
Take Off Your Colours(2008) If I Were in Your Shoes
50%
Sinners Never Sleep(2011) Little Death
50%
VI(2018) Losing You
50%
Suckapunch(2021) MAKEMEFEELALIVE
50%
Take Off Your Colours(2008) Nasty Habits
50%
Truth Decay(2023) No Future? Yeah Right
50%
Hold Me Down(2010) Playing the Blame Game
50%
VI(2018) Pray for Me
50%
Night People(2017) Spell It Out
50%
Night People(2017) Swear
50%
Hold Me Down(2010) Take Your Breath Away
50%
Non-Album(2012) The Swarm
50%
Take Off Your Colours(2008) The Truth is a Terrible Thing
50%
Sinners Never Sleep(2011) This is the First Thing
50%
Hold Me Down(2010) Trophy Eyes
50%
Suckapunch(2021) WYDRN
50%
Suckapunch(2021) Adrenaline
43%
Truth Decay(2023) After Love in the After Hours
43%
Truth Decay(2023) A Love Letter to Those Who Feel Lost
43%
Night People(2017) Brand New
43%
Night People(2017) Can't Hold Back
43%
VI(2018) Danger
43%
Suckapunch(2021) Finish What I Started
43%
Night People(2017) Heavy Soul
43%
Suckapunch(2021) Kill the Mood
43%
Night People(2017) Make Your Move
43%
Suckapunch(2021) Nice to Me
43%
Night People(2017) Plus One
43%
VI(2018) Predictable
43%
Truth Decay(2023) A Smile to Make You Weak(er) at the Knees
36%
Truth Decay(2023) Mydopamine
36%
Truth Decay(2023) Traumatic Iconic
36%
Truth Decay(2023) Ultraviolence
36%
Sinners Never Sleep(Bonus)(2011) Takes One to Know One
29%
Truth Decay(2023) Who Needs Revenge When I've Got Ellen Rae
29%
Suckapunch(2021) What It's Like
21%
Hold Me Down(Bonus)(2010) My Head's a Prison and Nobody Visits
0%
No matching quizzes found
Score Distribution
Percent of People with Each Score
Percentile by Number Answered
Your Score History
You have not taken this quiz